<?xml version="1.0" encoding="UTF-8"?>
<marc:record xmlns:marc="http://www.loc.gov/MARC21/slim">
   <marc:leader>00000nam a2200000 a 4500</marc:leader>
   <marc:datafield ind1="1" ind2=" " tag="100">
      <marc:subfield code="a">Rois, Sophie</marc:subfield>
   </marc:datafield>
   <marc:datafield ind1="1" ind2=" " tag="100">
      <marc:subfield code="a">Mieghem, Hilde van</marc:subfield>
   </marc:datafield>
   <marc:datafield ind1="1" ind2=" " tag="100">
      <marc:subfield code="a">Bierbichler, Josef</marc:subfield>
   </marc:datafield>
   <marc:datafield ind1="1" ind2=" " tag="100">
      <marc:subfield code="a">Weisse, Ina</marc:subfield>
   </marc:datafield>
   <marc:datafield ind1="0" ind2="0" tag="245">
      <marc:subfield code="a">Der Architekt [Bildtonträger]</marc:subfield>
   </marc:datafield>
   <marc:datafield ind1="0" ind2="0" tag="245">
      <marc:subfield code="c">Regie: Ina Weisse. Mit Josef Bierbichler, Hilde van Mieghem, Sophie Rois ...</marc:subfield>
   </marc:datafield>
   <marc:datafield ind1=" " ind2="1" tag="264">
      <marc:subfield code="b">Indigo</marc:subfield>
      <marc:subfield code="c">2009</marc:subfield>
   </marc:datafield>
   <marc:datafield ind1="1" ind2=" " tag="520">
      <marc:subfield code="a">Georg Winter fährt mit Frau und den zwei erwachsenen Kinder von Hamburg in ein entferntes Tiroler Bergdorf zur Beerdigung seiner Mutter. Ein Pflichttermin, den er schnell absolvieren will. Doch eine Lawine macht es unmöglich, der Situation zu entkommen. Bei der Begegnung mit seiner Jugendfreundin und dem gemeinsamen Sohn wird der Misanthrop mit seiner Feigheit und Lebenslüge konfrontiert. Bei der Testamentseröffnung kommt es zur Enthüllung des streng gehüteten Geheimnisses...</marc:subfield>
   </marc:datafield>
   <marc:datafield ind1=" " ind2=" " tag="020">
      <marc:subfield code="a">4047179335287</marc:subfield>
      <marc:subfield code="9">4047179335287</marc:subfield>
   </marc:datafield>
   <marc:datafield ind1=" " ind2=" " tag="500">
      <marc:subfield code="a">Sprache: Deutsch (Dolby Digital 2.0), Deutsch (Dolby Digital 5.1). Untertitel: Englisch</marc:subfield>
   </marc:datafield>
   <marc:datafield ind1="0" ind2=" " tag="490">
      <marc:subfield code="v">0</marc:subfield>
   </marc:datafield>
   <marc:datafield ind1=" " ind2=" " tag="300">
      <marc:subfield code="a">1 DVD (93 Min.) : farbig</marc:subfield>
   </marc:datafield>
</marc:record>
